|
|
|
|
| LEADER |
00000naa2a2200000 4500 |
| 001 |
609202 |
| 005 |
20231101132539.0 |
| 035 |
|
|
|a (RuTPU)RU\TPU\conf\6649
|
| 035 |
|
|
|a RU\TPU\conf\6648
|
| 090 |
|
|
|a 609202
|
| 100 |
|
|
|a 20141030d2014 k y0rusy50 ca
|
| 101 |
0 |
|
|a rus
|
| 102 |
|
|
|a RU
|
| 105 |
|
|
|a y z 101zy
|
| 135 |
|
|
|a drcn ---uucaa
|
| 181 |
|
0 |
|a i
|
| 182 |
|
0 |
|a b
|
| 200 |
1 |
|
|a Актуальные проблемы, которые возникают при проведении внутреннего аудита в организациях
|f С. А. Яблокова
|g науч. рук. М. Н. Янушевская
|
| 203 |
|
|
|a Текст
|c электронный
|
| 215 |
|
|
|a 1 файл (437 Кб)
|
| 225 |
1 |
|
|a Современные системы и технологии в неразрушающем контроле
|
| 230 |
|
|
|a Электронные текстовые данные (1 файл : 437 Кб)
|
| 300 |
|
|
|a Заглавие с титульного листа.
|
| 320 |
|
|
|a [Библиогр.: с. 198-199 (8 назв.)]
|
| 337 |
|
|
|a Adobe Reader
|
| 461 |
|
1 |
|0 (RuTPU)RU\TPU\conf\6241
|t Неразрушающий контроль: электронное приборостроение, технологии, безопасность
|o сборник трудов IV Всероссийской научно-практической конференции студентов, аспирантов и молодых учёных, Томск, 26-30 мая 2014 г.
|o в 2 т.
|f Национальный исследовательский Томский политехнический университет (ТПУ)
|d 2014
|
| 463 |
|
1 |
|0 (RuTPU)RU\TPU\conf\6243
|t Т. 1
|v [С. 197-199]
|d 2014
|
| 610 |
1 |
|
|a труды учёных ТПУ
|
| 610 |
1 |
|
|a электронный ресурс
|
| 610 |
1 |
|
|a внутренний аудит
|
| 610 |
1 |
|
|a организации
|
| 610 |
1 |
|
|a менеджмент качества
|
| 610 |
1 |
|
|a ИСО 9001
|
| 610 |
1 |
|
|a аудиторы
|
| 700 |
|
1 |
|a Яблокова
|b С. А.
|c специалист в области стандартизации и сертификации
|c ведущий эксперт Центра качества Томского политехнического университета
|f 1992-
|g София Александровна
|2 stltpush
|3 (RuTPU)RU\TPU\pers\47104
|
| 702 |
|
1 |
|a Янушевская
|b М. Н.
|c специалист в области неразрушающего контроля
|c старший преподаватель Томского политехнического университета
|f 1969-
|g Марина Николаевна
|2 stltpush
|4 727
|
| 712 |
0 |
2 |
|a Национальный исследовательский Томский политехнический университет (ТПУ)
|b Институт неразрушающего контроля (ИНК)
|b Кафедра физических методов и приборов контроля качества (ФМПК)
|h 68
|2 stltpush
|3 (RuTPU)RU\TPU\col\18709
|
| 801 |
|
1 |
|a RU
|b 63413507
|c 20090623
|g PSBO
|
| 801 |
|
2 |
|a RU
|b 63413507
|c 20220221
|g PSBO
|
| 856 |
4 |
|
|u http://www.lib.tpu.ru/fulltext/c/2014/C36/V1/072.pdf
|
| 942 |
|
|
|c BK
|